000 00660nam a2200205Ia 4500
003 GCL
008 140319s9999 xx 000 0 ara d
020 _a9277315977
040 _aGCL /
_cGCL
082 0 4 _a920.71
_bح ح
100 1 _aحسن الملطاوى
245 1 0 _aالحرية والعدالة فى فكر عبدالله النديم /
_cحسن الملطاوى
260 _aالقاهرة :
_bالعربى للنشر والتوزيع
300 _a102 ص ؛
_c20 سم
650 0 4 _aالحقوق السياسية
650 0 4 _aالسياسة
650 0 4 _aعبدالله النديم
650 0 4 _aالرجال - تراجم
942 _2ddc
_cBK
999 _c7216
_d7216